Polymer matrix composite materials : (Record no. 51709)

MARC details
000 -LEADER
fixed length control field 00606nam a2200205Ia 4500
005 - DATE AND TIME OF LATEST TRANSACTION
control field 20260429111957.0
008 - FIXED-LENGTH DATA ELEMENTS--GENERAL INFORMATION
fixed length control field 260429s9999||||xx |||||||||||||| ||und||
020 ## - INTERNATIONAL STANDARD BOOK NUMBER
International Standard Book Number 9783110781489
041 ## - LANGUAGE CODE
Language English
082 ## - DEWEY DECIMAL CLASSIFICATION NUMBER
Classification number 668.9
Item number RAT
100 ## - MAIN ENTRY--PERSONAL NAME
Personal name Ratna, Debdatta
245 #0 - TITLE STATEMENT
Title Polymer matrix composite materials :
Remainder of title structural and functional applications /
Statement of responsibility, etc Debdatta Ratna
260 ## - PUBLICATION, DISTRIBUTION, ETC. (IMPRINT)
Place of publication, distribution, etc Germany :
Name of publisher, distributor, etc De Gruyter,
Date of publication, distribution, etc 2024.
300 ## - PHYSICAL DESCRIPTION
Extent xi, 422 p.; pbk
650 ## - SUBJECT ADDED ENTRY--TOPICAL TERM
Topical term or geographic name as entry element Composite materials
650 ## - SUBJECT ADDED ENTRY--TOPICAL TERM
Topical term or geographic name as entry element Polymers
650 ## - SUBJECT ADDED ENTRY--TOPICAL TERM
Topical term or geographic name as entry element Chemical engineering
700 ## - ADDED ENTRY--PERSONAL NAME
Personal name Chakraborty, Bikash Chandra
942 ## - ADDED ENTRY ELEMENTS (KOHA)
Koha item type Text Books
Holdings
Withdrawn status Lost status Damaged status Not for loan Collection code Home library Location Shelving location Date of Cataloging Source of acquisition Total Checkouts Full call number Barcode Date last seen Price effective from Koha item type
        Non-fiction CUTN Central Library CUTN Central Library Medicine, Technology & Management 29/04/2026 Feel Books, Chennai - Invoice No. BRL/CRB/25-26/568 on 13-02-2026   668.9 RAT 56738 29/04/2026 29/04/2026 Text Books